Entry Personal Name
Number of records used in: 1
001 - CONTROL NUMBER
003 - CONTROL NUMBER IDENTIFIER
005 - DATE AND TIME OF LATEST TRANSACTION
- control field:
20220524144327.0
008 - FIXED-LENGTH DATA ELEMENTS
- fixed length control field:
781204n| azannaabn |n aaa
010 ## - LIBRARY OF CONGRESS CONTROL NUMBER
- LC control number:
n 78091077
- Canceled/invalid LC control number:
n 79012877
035 ## - SYSTEM CONTROL NUMBER
- System control number:
(OCoLC)oca00226212
040 ## - CATALOGING SOURCE
- Original cataloging agency:
DLC
- Language of cataloging:
eng
- Description conventions:
rda
- Transcribing agency:
DLC
- Modifying agency:
DLC
- Modifying agency:
DNLM
046 ## - SPECIAL CODED DATES
- Birth date:
1955-12-21
- Source of date scheme:
edtf
100 1# - HEADING--PERSONAL NAME
- Personal name:
Revenson, Tracey A.
670 ## - SOURCE DATA FOUND
- Source citation:
Singer, D. G. A Piaget primer, 1978 (a.e.)
- Information found:
t.p. (Tracey A. Revenson) p. i (Ph.D. candidate in community psychology at NYU)
670 ## - SOURCE DATA FOUND
- Source citation:
Understanding rheumatoid arthritis, 1996 :
- Information found:
CIP t.p. (Tracey Revenson, Assoc. Prof. of Psych. at City Univ., NYC) data sht. (b. 12-21-55)